BUBT Library Online Catalog

A Text book of Surveying / (Record no. 5937)

000 -LEADER
fixed length control field 00584nam a22002057a 4500
003 - CONTROL NUMBER IDENTIFIER
control field BUBTL
008 - FIXED-LENGTH DATA ELEMENTS--GENERAL INFORMATION
fixed length control field 190330b xxu||||| |||| 00| 0 eng d
020 ## - INTERNATIONAL STANDARD BOOK NUMBER
International Standard Book Number 978-984-92173-0-5
082 ## - DEWEY DECIMAL CLASSIFICATION NUMBER
Classification number 526.9 / SHT
100 ## - MAIN ENTRY--PERSONAL NAME
9 (RLIN) 2245
Personal name Shahjahan, M.
245 ## - TITLE STATEMENT
Title A Text book of Surveying /
Statement of responsibility, etc. M.Shahjahan,, M.A. Aziz
250 ## - EDITION STATEMENT
Edition statement 4th ed.
260 ## - PUBLICATION, DISTRIBUTION, ETC. (IMPRINT)
Place of publication, distribution, etc. Dhaka :
Name of publisher, distributor, etc. University Campus,
Date of publication, distribution, etc. c2016
300 ## - PHYSICAL DESCRIPTION
Extent 416 p. :
Other physical details ill. ;
Dimensions 21 cm.
650 #0 - SUBJECT ADDED ENTRY--TOPICAL TERM
9 (RLIN) 2244
Topical term or geographic name as entry element Civil Engineering
700 ## - ADDED ENTRY--PERSONAL NAME
9 (RLIN) 2243
Personal name Aziz, M.A.
856 ## - ELECTRONIC LOCATION AND ACCESS
Password 0
Logon 0
Link text Download
942 ## - ADDED ENTRY ELEMENTS (KOHA)
Source of classification or shelving scheme
Koha item type Books
Holdings
Withdrawn status Lost status Source of classification or shelving scheme Damaged status Not for loan Collection code Permanent location Current location Date acquired Inventory number Total Checkouts Full call number Barcode Date last seen Date last checked out Copy number Price effective from Koha item type
          Non-fiction Bangladesh University of Business and Technology Library Bangladesh University of Business and Technology Library 03/18/2019 25522 2 526.9 / SHT BUBTL-200325522 11/13/2022 11/08/2022 C-1 03/30/2019 Books
        Not For Loan Non-fiction Bangladesh University of Business and Technology Library Bangladesh University of Business and Technology Library 03/18/2019 25523   526.9 / SHT BUBTL-200325523 03/30/2019   C-2 03/30/2019 Books
          Non-fiction Bangladesh University of Business and Technology Library Bangladesh University of Business and Technology Library 03/18/2019 25524 1 526.9 / SHT BUBTL-200325524 11/17/2022 11/08/2022 C-3 03/30/2019 Books

More Information About Library

Library Hours

  • Open: 9.00 am. to 9.00 pm.
  • Only Sunday: 9.00 am. to 6.00 pm.
  • Closed: Holiday

Contact to the University

Bangladesh University of Business and Technology Library

  • Mirpurl-2, 1216.
  • Phone:
  • Fax:
  • E-Mail: admin.library@bubt.edu.bd

Contact to the Library

Contact Person:

Md. Abdul Hakim Shah
Joint Librarian
PABX No:  113
Cell No: 01816332931
E-mail: official: admin.library@bubt.edu.bd
Personal: hakim.shah@bubt.edu.bd


BUBT Library

Copyright © 2021